Statistics for Countries With The Most Bulgarian People

Click here to take the quiz!

General Stats

  • This quiz has been taken 60 times
  • The average score is 17 of 20

Answer Stats

TotalCountry% Correct
112,900United Kingdom
100%
489,300Germany
98%
77,900Russia
96%
335,000United States
96%
37,500France
95%
65,000Greece
95%
6,8 milBulgaria
93%
109,000Canada
93%
59,800Italy
93%
361,400Turkey
93%
22,600Serbia
91%
118,500Spain
91%
95,000Ukraine
88%
38,300Austria
81%
54,500Sweden
79%
25,000Australia
77%
29,300Norway
67%
165,700Brazil
61%
42,600Ireland
58%
102,500Argentina
53%

Score Distribution

Percentile by Number Answered

Percent of People with Each Score

Your Score History

You have not taken this quiz